Localizaciones digestivas de las reticulopatías (Record no. 93725)
[ view plain ]
| 000 -LEADER | |
|---|---|
| campo de control de longitud fija | 00770nam a2200205 i 4500 |
| 001 - NÚMERO DE CONTROL | |
| campo de control | 93725 |
| 003 - IDENTIFICADOR DE NÚMERO DE CONTROL | |
| campo de control | ES-MaACL |
| 005 - FECHA Y HORA DE LA ÚLTIMA TRANSACCIÓN | |
| campo de control | 20230906181313.0 |
| 007 - CAMPO FIJO DE DESCRIPCIÓN FÍSICA--INFORMACIÓN GENERAL | |
| campo de control de longitud fija | t| |
| 008 - DATOS DE LONGITUD FIJA--INFORMACIÓN GENERAL | |
| campo de control de longitud fija | 050418s1965 sp ||||1| spa d |
| 100 1# - ENTRADA PRINCIPAL--NOMBRE DE PERSONA | |
| Nombre de persona | López García, Eloy. |
| 9 (RLIN) | 73660 |
| 245 10 - MENCIÓN DEL TÍTULO | |
| Título | Localizaciones digestivas de las reticulopatías |
| Resto del título | : ponencia / |
| Mención de responsabilidad, etc. | [Eloy López García, Eloy Domínguez-Rodiño, D. Adame y Jesús Casas Carnicero]. |
| 260 ## - PUBLICACIÓN, DISTRIBUCIÓN, ETC. | |
| Lugar de publicación, distribución, etc. | Oviedo : |
| Nombre del editor, distribuidor, etc. | [s.n.], |
| Fecha de publicación, distribución, etc. | 1965 ( |
| Lugar de fabricación/manufactura | Estella) |
| 300 ## - DESCRIPCIÓN FÍSICA | |
| Extensión | 83 p. : |
| Otras características físicas | il. ; |
| Dimensiones | 24 cm. |
| 700 1# - ENTRADA AGREGADA--NOMBRE PERSONAL | |
| Nombre de persona | Domínguez-Rodiño, Eloy. |
| 9 (RLIN) | 45240 |
| 700 1# - ENTRADA AGREGADA--NOMBRE PERSONAL | |
| Nombre de persona | Adame, D. |
| 9 (RLIN) | 18370 |
| 700 1# - ENTRADA AGREGADA--NOMBRE PERSONAL | |
| Nombre de persona | Casas Carnicero, Jesús. |
| 9 (RLIN) | 36216 |
| 711 2# - ENTRADA AGREGADA--NOMBRE DE REUNIÓN | |
| Nombre de congreso/reunión o jurisdicción como elemento de entrada | Congreso Español de Patología Digestiva y de la Nutrición ( |
| Fecha del congreso o de la firma del tratado | 1965. |
| Sede del congreso/Lugar de la reunión | Oviedo) |
| 9 (RLIN) | 358 |
| 852 ## - LOCALIZACIÓN | |
| Ubicación | ES-MaACL |
| Número de control de estantería | C-28669 |
| Sublocalización o colección | R.57352 |
| Estatus retirado | Estado de pérdida | Estado de daño | No para préstamo | Biblioteca de origen | Biblioteca actual | Ubicación en estantería | Fecha de adquisición | Fuente de adquisición | Total de préstamos | Signatura topográfica completa | Código de barras | Visto por última vez | Precio de reemplazo | Tipo de ítem Koha |
|---|---|---|---|---|---|---|---|---|---|---|---|---|---|---|
| Biblioteca del Ateneo de Madrid | Biblioteca del Ateneo de Madrid | Depósito 2 | 17/01/2008 | C-28669 | 1097876 | 23/02/2023 | 23/02/2023 | Libro impreso |
